| 000 | 00519pab a2200157 454500 | ||
|---|---|---|---|
| 008 | 180718b2005 xxu||||| |||| 00| 0 eng d | ||
| 100 | _aGowland, David | ||
| 245 | _aChanges to financial management performance measures, accountability factors and accounting information systems of privatised companies in Australia | ||
| 260 | _c2005 | ||
| 300 | _ap.88-99. | ||
| 362 | _aSep | ||
| 650 | _aFinancial administration | ||
| 700 | _aAiken, Max | ||
| 773 | _aAustralian Journal of Public Administration | ||
| 909 | _a67270 | ||
| 999 |
_c67270 _d67270 |
||